00000000cam 2200000zi 4500
0019.954371
003CaOODSP
00520260602105029
006m     o  d f      
007cr cn|||||||||
008250821s2025    oncd    os   f000 0 eng d
020 |a9780660785912
040 |aCaOODSP|beng|erda|cCaOODSP
043 |an-cn---
0861 |aT94-96/2025E-PDF
24500|aNational homelessness indicators.
264 1|aOttawa, Ontario : |bHousing, Infrastructure and Communities Canada = Logement, Infrastructures et Collectivités Canada, |c[2025]
300 |a1 online resource (8 pages) : |bcharts
336 |atext|btxt|2rdacontent
337 |acomputer|bc|2rdamedia
338 |aonline resource|bcr|2rdacarrier
500 |aCaption title.
500 |aIssued also in French under title: Indicateurs pancanadiens de l'itinérance.
650 0|aHomelessness|zCanada|xStatistics.
655 7|aStatistics|2lcgft
7101 |aCanada. |bHousing, Infrastructure and Communities Canada, |eissuing body.
77508|tIndicateurs pancanadiens de l'itinérance.|w(CaOODSP)9.954372
85640|qPDF|s243 KB|uhttps://publications.gc.ca/collections/collection_2026/licc-hicc/T94-96-2025-eng.pdf
8564 |qHTML|sN/A|uhttps://housing-infrastructure.canada.ca/homelessness-sans-abri/reports-rapports/nat-homelessness-indic-pancan-litinerance-eng.html